000 00697nam a2200241 a 4500
001 BRCA_5833
005 20190320205230.0
008 140311s1946----ja-aj#####---#000-0#spa-#
041 _aspa
044 _amx
050 4 _aCS19
_b.P35
_c1946
100 1 _aPalacio, Lucas de.
_cPalacio Margarola, Lucas de
_914773
245 1 0 _aDe genealogía y heráldica.
260 _aMéxico
_c1946
300 _a138 p.
_bils.
_c29 cm.
500 _aEjemplar firmado por el autor, ejemplar numerado 17 de 500.
500 _aLas ilustraciones son de escudos de armas.
500 _aH94
650 1 4 _aGenealogía
_zMéxico
_914774
650 1 4 _aHeráldica
_zMéxico
_914775
902 _aGFM
942 _2lcc
_cB
999 _c5522
_d5522